Thiết kế cầu treo dây võng
Tài liệu trình bày về cơ sở thiết kế cầu treo dây võng, thiết kế sơ bộ cầu treo dây võng, phân tích tnhs toán kết cấu cầu treo dây võng ...
Saved in:
| Main Author: | |
|---|---|
| Format: | Book |
| Language: | Undetermined |
| Published: |
Hà Nội
Xây dựng
2004
|
| Subjects: | |
| Tags: |
Add Tag
No Tags, Be the first to tag this record!
|
| Institutions: | Trung tâm Học liệu Trường Đại học Cần Thơ |
|---|
| LEADER | 00860nam a2200217Ia 4500 | ||
|---|---|---|---|
| 001 | CTU_73791 | ||
| 008 | 210402s9999 xx 000 0 und d | ||
| 020 | |c 34000 | ||
| 082 | |a 624.23 | ||
| 082 | |b Tr513 | ||
| 100 | |a Nguyễn, Viết Trung | ||
| 245 | 0 | |a Thiết kế cầu treo dây võng | |
| 245 | 0 | |c Nguyễn Viết Trung, Hoàng Hà | |
| 260 | |a Hà Nội | ||
| 260 | |b Xây dựng | ||
| 260 | |c 2004 | ||
| 520 | |a Tài liệu trình bày về cơ sở thiết kế cầu treo dây võng, thiết kế sơ bộ cầu treo dây võng, phân tích tnhs toán kết cấu cầu treo dây võng ... | ||
| 650 | |a Civil engineering,Suspension bridges,Bridges | ||
| 650 | |x Design and construction | ||
| 904 | |i Úy Chị, pha | ||
| 980 | |a Trung tâm Học liệu Trường Đại học Cần Thơ | ||